¿Qué hay en su plato?

Bibliographic Details
Uniform Title:What's on your plate? (Spanish and English)
Format: Government Document eBook
Language:Spanish
Language Notes:Text in Spanish and English.
Published: [Washington, D.C.] : Departamento de Agricultura de los EE.UU. Centro para Políticas y Promoción de la Nutrición, 2011.
Subjects:
Online Access:https://purl.fdlp.gov/GPO/gpo127073

MARC

Tag First Indicator Second Indicator Subfields
LEADER 00000nam a2200000 i 4500
001 in00004084413
005 20191113092845.0
006 m o d f
007 cr |||||||||||
008 191017s2011 dcua o f000 0 spa c
035 |a (OCoLC)on1123218362 
040 |a GPO  |b eng  |e rda  |e pn  |c GPO  |d GPO  |d MvI 
041 |a spa 
042 |a pcc 
043 |a n-us--- 
049 |a WWW 
074 |a 0074-A-01 (online) 
086 0 |a A 98.2:M 99/3/SPAN./ENGL. 
130 0 |a What's on your plate? (Spanish and English) 
245 1 0 |a ¿Qué hay en su plato? 
264 1 |a [Washington, D.C.] :  |b Departamento de Agricultura de los EE.UU. Centro para Políticas y Promoción de la Nutrición,  |c 2011. 
300 |a 1 online resource (4 unnumbered pages) :  |b color illustrations 
336 |a text  |b txt  |2 rdacontent 
337 |a computer  |b c  |2 rdamedia 
338 |a online resource  |b cr  |2 rdacarrier 
500 |a "CNPP-25-S." 
500 |a "Agosto de 2011"--Page 2. 
500 |a "August 2011"--Page 4. 
588 |a Description based on online resource, PDF version; title from caption (USDA, viewed on Oct. 17, 2019). 
546 |a Text in Spanish and English. 
650 0 |a Nutrition  |z United States. 
650 0 |a Food habits  |z United States. 
710 2 |a Center for Nutrition Policy and Promotion (U.S.),  |e issuing body. 
776 0 8 |i Spanish print version:  |t ¿Qué hay en su plato?  |w (OCoLC)1099281513 
856 4 0 |u https://purl.fdlp.gov/GPO/gpo127073  |t 0 
999 f f |s b992f281-1214-33d7-8738-4eacc4f3cd2c  |i 924dd77e-a0d3-3c76-a06d-6e0b2b9681df  |t 0 
952 f f |a Texas A&M University  |b College Station  |c Electronic Resources  |d Available Online  |t 0  |e A 98.2:M 99/3/SPAN./ENGL.  |h Superintendent of Documents classification 
998 f f |a A 98.2:M 99/3/SPAN./ENGL.  |t 0  |l Available Online